The globalized woman : (Record no. 5980)
[ view plain ]
| 000 -LEADER | |
|---|---|
| fixed length control field | 00985cam a22002774a 4500 |
| 001 - CONTROL NUMBER | |
| control field | 11818353 |
| 005 - DATE AND TIME OF LATEST TRANSACTION | |
| control field | 20250217011256.0 |
| 008 - FIXED-LENGTH DATA ELEMENTS--GENERAL INFORMATION | |
| fixed length control field | 991025s2000 at b 001 0 eng |
| 020 ## - INTERNATIONAL STANDARD BOOK NUMBER | |
| ISBN | 1856497402 (hc.) |
| 020 ## - INTERNATIONAL STANDARD BOOK NUMBER | |
| ISBN | 1856497410 (pbk.) |
| 040 ## - CATALOGING SOURCE (பட்டியலாக்க மூலம்) | |
| Original cataloging agency | DLC |
| Transcribing agency | DLC |
| Modifying agency | DLC |
| 082 00 - DDC Classification | |
| Class No. | 331.4 |
| DDC Edition Number | 21 |
| 100 1# - MAIN ENTRY--PERSONAL NAME | |
| Personal name | Wichterich, Christa. |
| 245 14 - TITLE STATEMENT | |
| Title | The globalized woman : |
| Remainder of title | reports from a future of inequality / |
| Statement of responsibility, etc. | Christa Wichterich ; translated by Patrick Camiller. |
| 260 ## - PUBLICATION, DISTRIBUTION, ETC. | |
| Place of publication, distribution, etc. | North Melbourne : |
| Name of publisher, distributor, etc. | Spinifex Press ; |
| Place of publication, distribution, etc. | London ; |
| -- | New York : |
| Name of publisher, distributor, etc. | Zed Books, |
| Date of publication, distribution, etc. | c2000. |
| 300 ## - PHYSICAL DESCRIPTION | |
| Extent (e.g. Volumes, Pages etc.) | x, 180 p. ; |
| 650 #0 - SUBJECT ADDED ENTRY--TOPICAL TERM | |
| Topical term or geographic name entry element | Women |
| 650 #0 - SUBJECT ADDED ENTRY--TOPICAL TERM | |
| Topical term or geographic name entry element | Unemployed women workers. |
| 650 #0 - SUBJECT ADDED ENTRY--TOPICAL TERM | |
| Topical term or geographic name entry element | Labor market. |
| 650 #0 - SUBJECT ADDED ENTRY--TOPICAL TERM | |
| Topical term or geographic name entry element | Competition, International. |
| 650 #0 - SUBJECT ADDED ENTRY--TOPICAL TERM | |
| Topical term or geographic name entry element | International division of labor. |
| 856 42 - ELECTRONIC LOCATION AND ACCESS | |
| Uniform Resource Identifier | <a href="http://www.loc.gov/catdir/bios/hol058/99056211.html">http://www.loc.gov/catdir/bios/hol058/99056211.html</a> |
| 856 42 - ELECTRONIC LOCATION AND ACCESS | |
| Uniform Resource Identifier | <a href="http://www.loc.gov/catdir/description/hol057/99056211.html">http://www.loc.gov/catdir/description/hol057/99056211.html</a> |
| 856 41 - ELECTRONIC LOCATION AND ACCESS | |
| Uniform Resource Identifier | <a href="http://www.loc.gov/catdir/toc/hol053/99056211.html">http://www.loc.gov/catdir/toc/hol053/99056211.html</a> |
| 942 ## - Koha item type (Biblio) | |
| Koha item type | Books in Stacks (Lending) |
No items available.
